000 00311nam a22001457a 4500
008 210428b ||||| |||| 00| 0 eng d
020 _a9781323863299
041 _aeng
080 _a573
082 _a573
100 _a11
101 _aBIO
245 _aGeneral Biology I
_cLisa A. Urry
942 _2udc
_cBK
999 _c56864
_d56864